Educación ambiental y desarrollo humano
Gardado en:
| Main Authors: | , |
|---|---|
| Formato: | Libro |
| Idioma: | Lingua castelá |
| Publicado: |
Barcelona
Ariel
2001
|
| Edición: | 1a. ed |
| Subjects: | |
| Tags: |
Engadir etiqueta
Sen Etiquetas, Sexa o primeiro en etiquetar este rexistro!
|
MARC
| LEADER | 00000cam a2200000 a 4500 | ||
|---|---|---|---|
| 001 | UCG9259 | ||
| 003 | CL-VaPUC | ||
| 008 | 120302e20010400SP |||||||||||||||||spa|d | ||
| 020 | |a 843442634X | ||
| 082 | 0 | 4 | |a 372.357 |b CAR |2 21 |
| 100 | 0 | |a Caride Gómez, José Antonio |e author |9 560738 | |
| 700 | 0 | |a Meira, Pablo Angel |e author |9 560739 | |
| 245 | 1 | 0 | |a Educación ambiental y desarrollo humano |
| 250 | |a 1a. ed | ||
| 300 | |a 269 p | ||
| 942 | |c BK | ||
| 945 | |d 20120302 00:00:00 |a dcastane | ||
| 260 | |a Barcelona |b Ariel |c 2001 | ||
| 650 | 0 | |a Educación ambiental |9 262920 | |
| 650 | 0 | |a Medio ambiente |9 257625 | |
| 650 | 0 | |a Métodos de enseñanza |9 270413 | |
| 650 | 0 | |a Protección del medio ambiente |9 257626 | |
| 650 | 0 | |a Desarrollo humano |9 349614 | |
| 583 | |a last modification |c 20120302 10:37:00 |k Rodrigo Vera | ||
| 999 | |c 346820 |d 346818 | ||
| 952 | |0 0 |1 0 |4 0 |6 372_357000000000000_CAR_2001 |7 0 |8 A |9 447647 |a BIBEDU |b BIBEDU |d 2019-11-22 |i 4839307 |o 372.357 CAR 2001 |p 4839307 |r 2019-11-22 |w 2019-11-22 |y BK |k EPE | ||